Modern-Day Countries by Former Empire - Statistics

General Stats
  • This quiz has been taken 17 times
  • The average score is 12 of 15
Answer Stats
Hint Answer % Correct
Qing Dynasty China
100%
Roman Empire Italy
100%
Aztec Empire Mexico
100%
Ottoman Empire Turkiye
100%
British Empire United Kingdom
100%
Nazi Empire Germany
94%
Inca Empire Peru
94%
North Sea Empire Denmark
76%
Byzantine Empire Greece
76%
Mughal Empire India
76%
Carthaginian Empire Tunisia
76%
Achaemenid Empire Iran
53%
Phoenician Empire Lebanon
53%
Joseon South Korea
53%
Timurid Empire Uzbekistan
47%
No matching quizzes found
Score Distribution
Percent of People with Each Score
Percentile by Number Answered
Your Score History
You have not taken this quiz